000 01522nam a2200205Ia 4500
001 b4872-31866
003 IT-MiCISF
008 161014s9999||||xx |||||||||||||| ||und||
040 _aIT-MiCISF
_cIT-MiCISF
041 _ait
100 _aTesio Elio (a cura di)
245 0 _aL'uovo fuori dal cesto
_bDinamiche affettive con i disabili e le loro famiglie
250 _a1a ed.
260 _a Torino
_bUtet Libreria
_c2000
300 _app. XI, 351
500 _aTesio E., Meo A., Rosso L., Bellan C., Vasino C., Lavacchielli G., Veneziani O., Vinciguerra C., Medicina S., Scarponi S., Diegoli B., Marabese N., Serniotti G., Messa L., Pagani S. / handicap, famiglia-con-handicap, psicologia, genitorialità, esperienze, madre, funzionamento-familiare, ruoli-familiari, cultura, adolescenza, comunicazione, servizi-handicap, operatori, formazione, volontariato, riabilitazione / Questo testo affronta il delicato tema della costruzione dell'identità di un soggetto disabile all'interno della famiglia e delle dinamiche affettive e psicologiche che si creano nel nucleo familiare quando è presente un disabile. L'A. si propone di presentare un percorso completo, che si snoda attraverso la metodologia di intervento e la prevenzione dell'insorgere di disturbi mentali nei familiari, la questione della comunicazione, l'integrazione scolastica, la descrizione di esperienze di lavoro fino alle problematiche dei genitori.
650 _a Dinamiche familiari / handicap
_e001
942 _cBK
957 _71
999 _a31866
_bsi
_g1
_c212342
_d212342